000
00282nam a2200097Ia 4500
082
_a
352.068 DEB
245
0
_a
Plaaslike regering : die pad na demokrasie
100
_a
South Africa Claremont, 2011 3rd ed
_9
42135
942
_c
BK
008
210817s9999 xx 000 0 und d
999
_c
184023
_d
184022